000 00727nam a22002177a 4500
003 0
005 20250507121821.0
008 250507b xxu||||| |||| 00| 0 eng d
020 _a9786214271382
050 _aHD 6971
_b.Se487 2023
100 _aSerrano, Angelita Ong Camillar
_eauthor
245 _aLabor relations management and negotiations
_cAngelita Ong Camilar-Serrano
250 _aSecond edition
260 _aManila
_bUnlimited Books Library Services & Publishing Inc.
_cc2023
300 _axiv, 403 pages ;
_c26cm.
504 _aIncludes bibliographical references.
650 _aLabor relations –Philippines.
650 _aIndustrial relations.
700 _a Ducut, Rodolfo Lapaz
942 _2lcc
_cBK
999 _c367468
_d367468